Armenien, Georgien oder Aserbaidschan? - Statistiken

Allgemein
  • Dieses Quiz wurde 57 mal gespielt
    9 seit der letzten Aktualisierung
  • Das Durchschnittsergebnis liegt bei 9 aus 12
Antwortstatistiken
Frage Antwort % Korrekt
...dessen meistverbreitete Glaubensrichtung der Islam ist. Aserbaidschan🇦🇿
100%
...das sich über die kleinste Fläche erstreckt. Armenien🇦🇲
88%
...das sich keine gemeinsame Grenze mit Russland teilt. Armenien🇦🇲
88%
...das kürzlich den Präsidenten gewechselt hat. Georgien🇬🇪
88%
...dessen geographische Lage der Hauptstadt am nächsten an Berlin liegt. Georgien🇬🇪
88%
...das an das Schwarze Meer grenzt. Georgien🇬🇪
88%
...dessen Bruttoinlandsprodukt am geringsten ist. Armenien🇦🇲
75%
...das über die größte Fläche verfügt. Aserbaidschan🇦🇿
75%
...das an der EM 2024 teilgenommen hat. Georgien🇬🇪
75%
...das ein Binnenstaat ist und somit keinen Zugang zu einem Meer besitzt. Armenien🇦🇲
63%
...dessen Bruttoinslandsprodukt am höchsten ist. Aserbaidschan🇦🇿
63%
...das bisher den ESC gewonnen hat. Aserbaidschan🇦🇿
38%
Keine übereinstimmenden Quizze gefunden
Verteilung der Resultate
Anzahl Personen mit jedem Resultat
Perzentil nach korrekt beantworteten Fragen
Ihre Resultats-Entwicklung
Sie haben dieses Quiz seit der letzten Aktualisierung nicht gespielt